000
00307nam a2200109Ia 4500
008
200302s9999 xx 000 0 und d
100
_a
Jacqueline Hassink
245
_a
Private and Public: Mapping the Boundaries Mindscapes
260
_b
Birkhauser Publishers for Architecture
260
_c
2003
300
_a
195
999
_c
3316
_d
3316